000 00753nam a2200241Ia 4500
003 OSt
005 20220923223451.0
006 a|||||r|||| 00| 0
007 ta
008 220922b |||||||| |||| 00| 0 hin d
024 _a217,128
037 _cTextual
040 _aARTS
_cARTS
_bhin
041 _2hin
_ahin
082 _aV2:51.N5, 152L2 (TTV)
100 _aबिपन चंद्र
245 0 _aस्वतंत्रता संग्राम
246 _aSvatantratā sangrāma
260 _aनयी दिल्ली
_b नेशनल बुक ट्रस्ट
_c1996
300 _a169i`
_ccm.
942 _hV2:51.N5, 152L2 (TTV)
_cTEXL
_2CC
999 _c365542
_d365542